<?xml version="1.0" encoding="UTF-8"?>
<collection xmlns="http://www.loc.gov/MARC21/slim">
 <record>
  <leader>00998pam a22002418a 4500</leader>
  <controlfield tag="001">00023994</controlfield>
  <controlfield tag="005">20171026081025.0</controlfield>
  <controlfield tag="008">110707s[199                  ||||||viesd</controlfield>
  <datafield tag="041" ind1="0" ind2="#">
   <subfield code="a">vie</subfield>
  </datafield>
  <datafield tag="082" ind1="1" ind2="4">
   <subfield code="a">428</subfield>
   <subfield code="b">A100R</subfield>
  </datafield>
  <datafield tag="100" ind1="1" ind2="#">
   <subfield code="a">Arkindon, Michael</subfield>
  </datafield>
  <datafield tag="245" ind1="1" ind2="0">
   <subfield code="a">Around town</subfield>
   <subfield code="b">tài liệu đàm thoại Anh-Việt</subfield>
   <subfield code="c">Michael Arkindon, Timoty Jones</subfield>
  </datafield>
  <datafield tag="260" ind1="#" ind2="#">
   <subfield code="a">[Tp. Hồ Chí Minh]</subfield>
   <subfield code="b">[Nxb. Tp. Hồ Chí Minh]</subfield>
   <subfield code="c">[199?]</subfield>
  </datafield>
  <datafield tag="300" ind1="#" ind2="#">
   <subfield code="a">112tr.</subfield>
   <subfield code="c">20 cm.</subfield>
  </datafield>
  <datafield tag="650" ind1="#" ind2="4">
   <subfield code="a">Tiếng Anh thực hành</subfield>
  </datafield>
  <datafield tag="650" ind1="#" ind2="4">
   <subfield code="a">Đàm thoại và mẫu câu</subfield>
  </datafield>
  <datafield tag="700" ind1="1" ind2="#">
   <subfield code="a">Jones, Timoty</subfield>
  </datafield>
  <datafield tag="852" ind1="#" ind2="#">
   <subfield code="b">Kho giáo trình</subfield>
   <subfield code="j">KGT.0027640, KGT.0027641, KGT.0027642, KGT.0027643, KGT.0027644</subfield>
  </datafield>
  <datafield tag="852" ind1="#" ind2="#">
   <subfield code="b">Kho mượn</subfield>
   <subfield code="j">KM.0006892, KM.0006893</subfield>
  </datafield>
  <datafield tag="852" ind1="#" ind2="#">
   <subfield code="b">Kho đọc</subfield>
   <subfield code="j">KD.0008707</subfield>
  </datafield>
  <datafield tag="852" ind1="#" ind2="#">
   <subfield code="j">KD.0008707</subfield>
   <subfield code="j">KM.0006892</subfield>
   <subfield code="j">KGT.0027641</subfield>
   <subfield code="j">KGT.0027642</subfield>
   <subfield code="j">KGT.0027644</subfield>
   <subfield code="j">KGT.0027640</subfield>
   <subfield code="j">KGT.0027643</subfield>
   <subfield code="j">KM.0006893</subfield>
  </datafield>
  <datafield tag="910" ind1="0" ind2="#">
   <subfield code="a">Ntuyet</subfield>
   <subfield code="d">07/07/2011</subfield>
  </datafield>
  <datafield tag="980" ind1="#" ind2="#">
   <subfield code="a">Trung tâm Học liệu Lê Vũ Hùng, Trường Đại học Đồng Tháp</subfield>
  </datafield>
 </record>
</collection>
